New Jersey Counties - Map Quiz - Statistics

General Stats
  • This quiz has been taken 1,140 times
  • The average score is 11 of 21
Answers on the Map
Answers color-coded by a green-red scale on the quiz's map according to % correct below.
 
Answer Stats
Answer % Correct
Cape May
75%
Bergen
68%
Ocean
68%
Atlantic
66%
Camden
61%
Hudson
58%
Monmouth
58%
Burlington
57%
Passaic
55%
Mercer
53%
Middlesex
53%
Essex
52%
Salem
51%
Morris
50%
Cumberland
48%
Union
47%
Sussex
46%
Gloucester
45%
Hunterdon
45%
Somerset
45%
Warren
45%
No matching quizzes found
Score Distribution
Percent of People with Each Score
Percentile by Number Answered
Your Score History
You have not taken this quiz